Formule 1 - Points 2022-2025 - Statistiques

Statistiques générales
  • Ce quiz a été pris 78 fois
  • Le résultat moyen est 23 sur 30
Statistiques - réponses
Place Nombre Pilote % Correct
2 1124 Lando Norris
100%
5 853 Lewis Hamilton
100%
3 1112 Charles Leclerc
99%
1 1887 Max Verstappen
99%
7 799 Oscar Piastri
96%
12 149 Pierre Gasly
94%
10 211 Esteban Ocon
93%
9 413 Fernando Alonso
91%
6 800 Carlos Sainz
90%
4 1015 Georges Russell
90%
8 742 Sergio Perez
87%
19 51 Isack Hadjar
84%
13 149 Lance Stroll
83%
14 116 Alex Albon
81%
16 92 Yuki Tsunoda
81%
15 101 Nico Hulkenberg
80%
22 44 Liam Lawson
78%
11 150 Kimi Antonelli
77%
17 59 Valtteri Bottas
77%
24 19 Gabriel Bortoleto
74%
27 5 Franco Colapinto
71%
20 48 Oliver Bearman
71%
18 55 Daniel Ricciardo
68%
21 44 Kevin Magnussen
65%
23 37 Sebastian Vettel
65%
25 16 Guanyu Zhou
58%
26 12 Mick Schumacher
52%
28 2 Nick De Vries
51%
29 2 Nicholas Latifi
42%
30 1 Logan Sargeant
38%
Aucun quiz correspondant
Distribution des résultats
% des personnes avec chaque résultat
Percentile par nombre de réponses
Votre historique - résultats
Vous n’avez pas pris ce quiz